000 01367nam a2200277Ia 4500
999 _c47140
_d47140
001 13998
003 GE_BSU
005 20241101110304.0
008 181216s1998||||ge |||||||||||||| ||geo||
040 _cGE_BSU
041 _ageo
080 _a94(38)(042.4)+338(38)+32(38)+008(38)(042.4) კ-45
100 _aკვეზერელი-კოპაძე, ნატო
_923590
245 _aძველი საბერძნეთის ისტორია :
_bლექციების მოკლე კურსი /
_cნატო კვეზერელი-კოპაძე ; [რედ. : ზ. ჩიმაკაძე].
264 _aთბილისი :
_bოფის-პრესი,
_c1998.
300 _a221 გვ. ;
_c21 სმ.
504 _aბიბლიოგრ. : გვ. 217-219
541 _h6ლ.
653 _aძველი საბერძნეთის ისტორია
653 _aლექციების მოკლე კურსი
653 _aძველი საბერძნეთის ეკონომიკა
653 _aძველი საბერძნეთის პოლიტიკა
653 _aძველი ბერძნული კულტურა
700 _aჩიმაკაძე, ზ.
_eრედაქტორი
_923591
942 _cBK
_2udc